Musical Artists Who Replaced Themselves at Number One - Statistics

General Stats
  • This quiz has been taken 61 times
  • The average score is 9 of 15
Answer Stats
Artist % Correct
Taylor Swift
95%
Outkast
89%
The Beatles
88%
The Black Eyed Peas
84%
Drake
82%
Justin Bieber
77%
The Weeknd
68%
Usher
66%
Nelly
64%
Kendrick Lamar
63%
Puff Daddy
48%
BTS
43%
Boyz II Men
41%
T.I.
21%
Ja Rule
13%
No matching quizzes found
Score Distribution
Percent of People with Each Score
Percentile by Number Answered
Your Score History
You have not taken this quiz